[Event "POL-chT U20 2nd League"]
[Site "Sypniewo"]
[Date "2025.06.26"]
[Round "9.98"]
[White "Polak, Aleksander"]
[Black "Mielnik, Olimpia"]
[Result "1/2-1/2"]
[WhiteElo "1738"]
[BlackElo "1604"]
[PlyCount "92"]
[EventDate "2025.06.18"]
[EventType "team-swiss"]
[EventRounds "9"]
[EventCountry "POL"]
[SourceTitle "CB27_2025"]
[SourceDate "2025.07.02"]
[SourceVersion "1"]
[SourceVersionDate "2025.07.02"]
[SourceQuality "1"]
[WhiteTeam "Bydgoszcz Chemik"]
[BlackTeam "Gubina CC"]
[WhiteTeamCountry "POL"]
[BlackTeamCountry "POL"]

1. d4 d5 2. c4 e6 3. Nc3 Nf6 4. cxd5 exd5 5. Bg5 Be7 6. e3 c6 7. Bd3 Nbd7 8. Qc2 Nh5 9. Bxe7 Qxe7 10. 0-0-0 Nb6 11. Nf3 g6 12. Ne5 Be6 13. g4 Ng7 14. h3 f6 15. Nf3 0-0-0 16. Kb1 Kb8 17. Nd2 f5 18. f3 Bd7 19. Rde1 Rhf8 20. e4 dxe4 21. fxe4 fxe4 22. Ndxe4 Be6 23. Ne2 Bd5 24. Rhf1 Rxf1 25. Rxf1 Ne6 26. Qc3 Bxe4 27. Bxe4 Nxd4 28. Ng3 Ne2 29. Qe3 Nxg3 30. Qxg3+ Ka8 31. Re1 Re8 32. Re2 Qe5 33. Qf3 Qd4 34. a3 a6 35. Bd3 Rxe2 36. Qxe2 Na4 37. Bc4 b5 38. Bb3 Nc5 39. Bc2 a5 40. Qe8+ Kb7 41. Qe7+ Kb6 42. Qxh7 Nd3 43. Bxd3 Qxd3+ 44. Kc1 Qe3+ 45. Kc2 Qe2+ 46. Kc1 Qe3+ 1/2-1/2

[Event "POL-chT U20 2nd League"]
[Site "Sypniewo"]
[Date "2025.06.23"]
[Round "6.98"]
[White "Polak, Aleksander"]
[Black "Baran, Franciszek"]
[Result "0-1"]
[WhiteElo "1738"]
[BlackElo "1795"]
[PlyCount "106"]
[EventDate "2025.06.18"]
[EventType "team-swiss"]
[EventRounds "9"]
[EventCountry "POL"]
[SourceTitle "CB27_2025"]
[SourceDate "2025.07.02"]
[SourceVersion "1"]
[SourceVersionDate "2025.07.02"]
[SourceQuality "1"]
[WhiteTeam "Bydgoszcz Chemik"]
[BlackTeam "Lublin Cebularz"]
[WhiteTeamCountry "POL"]
[BlackTeamCountry "POL"]

1. d4 g6 2. Nf3 Bg7 3. c4 d6 4. g3 c5 5. Bg2 Nc6 6. d5 Na5 7. Nfd2 Qb6 8. Qc2 Qa6 9. 0-0 Nf6 10. e4 b5 11. cxb5 Qxb5 12. Nc3 Qd7 13. b3 Ba6 14. Re1 Ng4 15. Nf3 0-0 16. Bb2 Rab8 17. h3 Ne5 18. Nxe5 Bxe5 19. Na4 Bxb2 20. Nxb2 Rfc8 21. Nc4 Nxc4 22. bxc4 Rb4 23. Bf1 Qa4 24. Rec1 Rcb8 25. Qxa4 Rxa4 26. Rc2 Rbb4 27. Rac1 Kg7 28. f3 Ra3 29. Kf2 Rba4 30. Ra1 Kf6 31. Be2 Bc8 32. h4 Rb4 33. Rac1 Rba4 34. Ra1 Ke5 35. Bf1 f5 36. exf5 Bxf5 37. f4+ Kf6 38. Rd2 Rc3 39. Be2 h5 40. Rb2 Raa3 41. Rg1 Bg4 42. Rb3 Bxe2 43. Rxa3 Rxa3 44. Kxe2 Rxa2+ 45. Kd3 Ra3+ 46. Ke4 Rc3 47. g4 Rxc4+ 48. Ke3 hxg4 49. Rxg4 a5 50. Rg1 a4 51. Ra1 Kf5 52. Rf1 Re4+ 53. Kd3 Rxf4 0-1

[Event "Wroclaw Anderssen Memorial op"]
[Site "Wroclaw"]
[Date "2024.08.15"]
[Round "5"]
[White "Karnas, Leszek"]
[Black "Polak, Aleksander"]
[Result "0-1"]
[WhiteElo "1861"]
[BlackElo "1739"]
[PlyCount "104"]
[EventDate "2024.08.15"]
[EventType "swiss (blitz)"]
[EventRounds "9"]
[EventCountry "POL"]
[SourceTitle "CBM 221 Extra"]
[Source "ChessBase"]
[SourceDate "2024.09.30"]
[SourceVersion "1"]
[SourceVersionDate "2024.09.30"]
[SourceQuality "1"]

1. d4 Nf6 2. c4 e6 3. Nf3 b6 4. a3 Bb7 5. Nc3 Be7 6. Qc2 0-0 7. e4 d6 8. Bd3 h6 9. 0-0 Nbd7 10. Re1 a6 11. e5 Ne8 12. Be4 Bxe4 13. Qxe4 c5 14. d5 dxe5 15. Nxe5 Nef6 16. Qf3 Nxe5 17. Rxe5 Bd6 18. Re2 exd5 19. Nxd5 Nxd5 20. cxd5 Qc7 21. g3 b5 22. Qg4 Kh8 23. Bd2 f5 24. Qh5 f4 25. Bc3 Kg8 26. Rae1 a5 27. Re6 fxg3 28. hxg3 Rf7 29. Rg6 Kf8 30. Ree6 Rd8 31. Qe2 b4 32. axb4 axb4 33. Bd2 c4 34. Rg4 c3 35. bxc3 bxc3 36. Bc1 Bc5 37. Rf4 Qd7 38. Rfe4 Kg8 39. Re8+ Rxe8 40. Rxe8+ Kh7 41. Qd3+ g6 42. Re6 Rg7 43. Bf4 c2 44. d6 Qxe6 45. Qxc2 Bxd6 46. Bxd6 Qxd6 47. Qe4 Rf7 48. Kg2 Re7 49. Qf3 Qe5 50. Qf8 Qe4+ 51. Kg1 Rg7 52. Qf6 h5 0-1

[Event "Wroclaw Anderssen Memorial op"]
[Site "Wroclaw"]
[Date "2024.08.15"]
[Round "6"]
[White "Polak, Aleksander"]
[Black "Mazur, Kacper"]
[Result "0-1"]
[WhiteElo "1739"]
[BlackElo "1598"]
[PlyCount "54"]
[EventDate "2024.08.15"]
[EventType "swiss (blitz)"]
[EventRounds "9"]
[EventCountry "POL"]
[SourceTitle "CBM 221 Extra"]
[Source "ChessBase"]
[SourceDate "2024.09.30"]
[SourceVersion "1"]
[SourceVersionDate "2024.09.30"]
[SourceQuality "1"]

1. d4 d5 2. c4 c6 3. Nf3 Nf6 4. Nc3 dxc4 5. a4 Bf5 6. Ne5 e6 7. Nxc4 Be7 8. Bg5 h6 9. Bh4 Nd5 10. Bxe7 Qxe7 11. e3 Nd7 12. Be2 0-0 13. f3 Nxc3 14. bxc3 e5 15. 0-0 b5 16. Nd2 exd4 17. exd4 Qe3+ 18. Kh1 Qxc3 19. Ne4 Bxe4 20. fxe4 bxa4 21. Rc1 Qe3 22. Bd3 Qxd4 23. Rxc6 Ne5 24. Rc7 Nxd3 25. Qf3 Ne5 26. Qf4 Rac8 27. Re7 Ng6 0-1

[Event "Wroclaw op-B"]
[Site "Wroclaw"]
[Date "2024.08.10"]
[Round "4"]
[White "Nagly, Krzysztof"]
[Black "Polak, Aleksander"]
[Result "1-0"]
[WhiteElo "1889"]
[BlackElo "1739"]
[PlyCount "159"]
[EventDate "2024.08.08"]
[EventType "swiss"]
[EventRounds "9"]
[EventCountry "POL"]
[SourceTitle "EXT 2025"]
[Source "ChessBase"]
[SourceDate "2024.10.14"]
[SourceVersion "1"]
[SourceVersionDate "2024.10.14"]
[SourceQuality "1"]

1. e4 c6 2. Nc3 d5 3. Qf3 dxe4 4. Nxe4 Nd7 5. d4 Ngf6 6. Bc4 Nb6 7. Nxf6+ exf6 8. Qe2+ Be7 9. Be3 Nxc4 10. Qxc4 Be6 11. Qd3 0-0 12. Ne2 Qd7 13. 0-0 Rad8 14. Rfd1 Bf5 15. Qb3 Rfe8 16. c4 a6 17. d5 cxd5 18. Rxd5 Qc8 19. Rad1 Be6 20. Rxd8 Rxd8 21. Rxd8+ Qxd8 22. Nd4 Qa5 23. Kf1 Bc8 24. h3 h6 25. a3 Qc7 26. Qd3 Be6 27. Nxe6 fxe6 28. b4 Kf7 29. Ke2 Qe5 30. Kf3 Bd6 31. g3 Be7 32. Qd7 Qf5+ 33. Kg2 Qe4+ 34. Kh2 Kf8 35. c5 g5 36. Qd1 Kg7 37. Qh5 Qc6 38. Qg4 Qd7 39. Qe4 Qc6 40. Qd4 Kf7 41. Qd3 Kg7 42. Qb3 Kf7 43. a4 Qc7 44. Qc4 h5 45. b5 axb5 46. axb5 h4 47. Kg2 hxg3 48. fxg3 Qe5 49. Bf2 f5 50. Qd4 Qe2 51. b6 Qb5 52. Qe5 Qc6+ 53. Kh2 Qf3 54. Qe3 Qd5 55. Qe2 Kg6 56. Qc2 Qc6 57. Qc3 Bf6 58. Qe3 Kf7 59. h4 gxh4 60. gxh4 e5 61. Qb3+ Kg7 62. Qg3+ Kf7 63. h5 f4 64. Qg6+ Ke7 65. Qh7+ Ke6 66. Qg8+ Ke7 67. Qg2 e4 68. h6 Qd5 69. h7 f3 70. Qg4 Qe5+ 71. Kh3 e3 72. Bh4 f2 73. Qg7+ Ke6 74. Qg8+ Kd7 75. Qf7+ Kc6 76. Qc4 Bxh4 77. Qa4+ Kd5 78. Qb3+ Ke4 79. Qc4+ Kf3 80. Qg4# 1-0

[Event "POL-ch Blitz U18"]
[Site "Bydgoszcz"]
[Date "2023.08.31"]
[Round "2"]
[White "Kutowski, Marcel"]
[Black "Polak, Aleksander"]
[Result "1-0"]
[WhiteElo "2114"]
[BlackElo "1326"]
[PlyCount "79"]
[EventDate "2023.08.28"]
[EventType "swiss"]
[EventRounds "10"]
[EventCountry "POL"]
[SourceTitle "CBM 216 Extra"]
[Source "ChessBase"]
[SourceDate "2023.11.30"]
[SourceVersion "1"]
[SourceVersionDate "2023.11.30"]
[SourceQuality "1"]

1. e4 c6 2. d4 d5 3. Nc3 dxe4 4. Nxe4 Bf5 5. Ng3 Bg6 6. h4 h6 7. Nf3 Nd7 8. Bd3 Bxd3 9. Qxd3 e6 10. Bf4 Qa5+ 11. Bd2 Qc7 12. 0-0-0 0-0-0 13. Kb1 Ngf6 14. Ne4 Nxe4 15. Qxe4 Nf6 16. Qe2 Bd6 17. Ne5 Rhe8 18. Nc4 Be7 19. c3 Nd5 20. g3 Rd7 21. Ne5 Rdd8 22. Nxf7 Rd7 23. Ne5 Rdd8 24. c4 Nf6 25. Bf4 Bd6 26. Rhe1 c5 27. dxc5 Qxc5 28. Nf7 Qf5+ 29. Ka1 Bxf4 30. Rxd8+ Rxd8 31. Nxd8 Kxd8 32. gxf4 Qxf4 33. Qxe6 Qc7 34. Rd1+ Nd7 35. Qf7 Qc6 36. Qxg7 Kc7 37. Qg3+ Kb6 38. Qe3+ Kc7 39. Qf4+ Kb6 40. Rd6 1-0

[Event "POL-chT3 Kujawsko-Pomorskie 2223"]
[Site "Poland"]
[Date "2022.??.??"]
[Round "3.51"]
[White "Szudy, Piotr"]
[Black "Polak, Aleksander"]
[Result "0-1"]
[WhiteElo "1247"]
[BlackElo "1346"]
[PlyCount "112"]
[EventDate "2022.11.13"]
[EventType "team-swiss"]
[EventRounds "7"]
[EventCountry "POL"]
[SourceTitle "EXT 2024"]
[Source "ChessBase"]
[SourceDate "2023.10.10"]
[SourceVersion "1"]
[SourceVersionDate "2023.10.10"]
[SourceQuality "1"]

1. d4 Nf6 2. c4 e6 3. Nc3 Bb4 4. Bg5 0-0 5. e4 d6 6. Qc2 Nbd7 7. Bd3 h6 8. Bh4 c5 9. Nge2 Qb6 10. Bxf6 Nxf6 11. e5 Nd7 12. 0-0 Bxc3 13. Qxc3 cxd4 14. Nxd4 Nxe5 15. Bc2 Bd7 16. Kh1 Rac8 17. b3 a6 18. h3 Nc6 19. Rad1 Rfd8 20. f4 Nxd4 21. Rxd4 Bc6 22. Rfd1 d5 23. Qd3 g6 24. Qe3 Kh7 25. f5 gxf5 26. R4d3 Qxe3 27. Rxe3 dxc4 28. bxc4 Rxd1+ 29. Bxd1 Kg6 30. h4 Kf6 31. Kh2 e5 32. Rd3 Ke7 33. Bh5 Rg8 34. g3 f6 35. Bd1 Rd8 36. Rxd8 Kxd8 37. Kg1 Ke7 38. c5 Ke6 39. Bb3+ Bd5 40. Ba4 Bxa2 41. c6 bxc6 42. Bxc6 e4 43. Bb7 a5 44. Bc8+ Ke5 45. Bd7 f4 46. Kf2 fxg3+ 47. Kxg3 f5 48. Kf2 f4 49. Ke2 Bb3 50. Kd2 a4 51. Kc3 f3 52. Bh3 Kf4 53. Bf1 e3 54. Bd3 e2 55. Kd2 a3 56. Bb1 a2 0-1